000 00678nam a2200241 a 4500
999 _c912
_d912
001 912
003 BD-JhCC
005 20171011132016.0
008 171011s xxu |||| |||| 00| 0 ben d
020 _a9844018390
035 _a(BD-JhCC)912
040 _aBD-JhCC
_dBD-JhCC
041 _aben
082 _a923.1
_bAJA 2005
100 _aআজাদ, হুমায়ুন
245 _aআমার নতুন জন্ম /
_cহুমায়ুন আজাদ
260 _aঢাকাঃ
_bআগামী প্রকাশনী,
_c2005
300 _a95 p. :
_c21 cm.
600 _aAzad, Humayun
651 _xBiography
942 _2ddc
_cBK